- Somolinos Palencia, Juan
Entry Nombre Personal
001 - NUMERO DE CONTROL
- campo de control: 51358
003 - IDENTIFICADOR DE NUMERO DE CONTROL
- campo de control: DLC
005 - FECHA Y HORA DE LA ÜLTIMA TRANSACCIÓN
- campo de control: 20240314132507.0
008 - DATOS DE LONGITUD FIJA
- campo de control de longitud fija: 860904n| azannaabn |a aaa
010 ## - NÚMERO DE CONTROL DE LA BIBLIOTECA DEL CONGRESO
- Número de control LC: n 85372558
- Número de Control LC Cancelado/inválido: n 87112788
035 ## - NUMERO DE CONTROL
- Número de control: (OCoLC)oca01719557
035 ## - NUMERO DE CONTROL
- Número de control: (CaEvSKY)skya2670052
040 ## - FUENTE DE CATALOGACIÓN
- Agencia original de catalogación: DLC
- Lenguaje de catalogación: spa
- Description conventions: rda
- Agencia de transcripción: DLC
- Agencia que lo modifica: DLC
- Agencia que lo modifica: OCoLC
- Agencia que lo modifica: MX-SlUA
- Agencia que lo modifica: MX-MxUPN
100 1# - ENCABEZAMIENTO - NOMBRE PERSONAL
- Nombre personal: Somolinos Palencia, Juan
375 ## - GÉNERO
- Gender: male
377 ## - LENGUA ASOCIADA
- Language code: spa
400 1# - VEÁSE - NOMBRE DE PERSONA
- Control subfield: nna
- Personal name: Palencia, Juan Somolinos
670 ## - FUENTE EN LA QUE SE LOCALIZARON DATOS
- Cita de la fuente: Contribuciones mexicanas a la investigación médica, 1984:
- Información localizada: cubierta (Juan Somolinos Palencia)
670 ## - FUENTE EN LA QUE SE LOCALIZARON DATOS
- Cita de la fuente: LC data base, 9/2/86
- Información localizada: (hdg.: Palencia, Juan Somolinos)
670 ## - FUENTE EN LA QUE SE LOCALIZARON DATOS
- Cita de la fuente: Libro del ejercicio corporal y de sus provechos, por el cual cada uno podrá entender que ejercicio le sea necesario para conservar su salud, 1991:
- Información localizada: portada (Juan Somolinos Palencia)
902 ## - CATALOGADOR
- Catalogador: Víctor Ruiz/140324
